000 01262cab a2200337 4500
001 ABS59050
008 090401t1998 xxu||||| |||| 00| 0 eng d
035 _a(Sirsi) u87530
041 _aeng
245 _aSpecial report: Finance
260 _c1998
350 _a0
490 _aEstates Gazette
_v(9827) 4 July 1998, 44-61(9)
520 _aSeries of articles on property investment. Considers the performance of property as an institutional investment, direct investment and, investment in property unit trusts. Includes a survey of fund managers and, interviews with fund managers and property advisers. Discusses US REITs and the quest for a tax-transparent property investment vehicle for the UK.
650 _aASSET MANAGEMENT
650 _aDIRECT INVESTMENT
650 _aFINANCIAL FUND MANAGEMENT HOUSES
650 _aFUND MANAGERS
650 _aLIQUIDITY
650 _aPORTFOLIO OPTIMISATION
650 _aPROPERTY ADVISERS
650 _aPROPERTY AGENTS` FUND MANAGERS
650 _aProperty management
_96262
650 _aPROPERTY PERFORMANCE
650 _aPROPERTY UNIT TRUSTS
650 _aREITS
650 _aUK INSTITUTIONS
690 _aPROPERTY-PROPERTY FINANCE AND INVESTMENT
942 _n0
948 _c21/07/1998
999 _c55218
_d55218